000 013090000a22001330004500
001 14496
041 0 _aSPA
082 0 4 _aAV 0385
110 1 _aConsejo Episcopal Latinoamericano CELAM
245 1 0 _aPuebla: Síntesis del Documento / Javier Lozano B.
300 _a83 Pág.
505 0 0 _aPuebla : Síntesis del Documento Presentación del Documento Primera parte: Visión pastoral de la realidad Latinoamericana Visión histórica de la realidad latinoamericana Visión socio-cultural de la realidad de América Latina Visión de la realidad eclesial hoy en América Latina Tendencias actuales y Evangelización en el futuro Segunda parte: Designios de Dios sobre la realidad de América Latina Capítulo I: Contenido de la Evangelización Capítulo II: ¿Qué es evangelizar? Tercera parte: La Evangelización en la Iglesia de América Latina: Comunión y participación Capítulo I: Centros de Comunión y Participación Capítulo II: Agentes de Comunión y Participación Capítulo III: Medios para la Comunión y Participación Capítulo IV: 1. Diálogo para la Comunión y Participación Cuarta parte: Iglesia Misionera al servicio de la Evangelización en América Latina Capítulo I: Opción preferencial por los pobres Quinta parte: Bajo el dinamismo del Espíritu. Opciones pastorales
942 _cBK
999 _c43356
_d43356